Statistics for Last NBA Championship

Click here to take the quiz!

General Stats

  • This quiz has been taken 142 times
    (20 since last reset)
  • The average score is 26 of 30

Answer Stats

TeamYear% Correct
Chicago Bulls1998
100%
Cleveland Cavaliers2016
100%
Los Angeles Lakers2020
100%
Milwaukee Bucks2021
100%
Golden State Warriors2022
100%
Houston Rockets1995
95%
Detroit Pistons2004
95%
Dallas Mavericks2011
95%
Miami Heat2013
95%
Toronto Raptors2019
95%
Oklahoma City Thunder1979
89%
Boston Celtics2008
89%
New York Knicks1973
84%
Portland Trail Blazers1977
84%
Philadelphia 76ers1983
84%
San Antonio Spurs2014
84%
Phoenix SunsNever
84%
Orlando MagicNever
84%
Utah JazzNever
84%
New Orleans PelicansNever
84%
Charlotte HornetsNever
84%
Brooklyn NetsNever
84%
Memphis GrizzliesNever
84%
Los Angeles ClippersNever
84%
Indiana PacersNever
84%
Minnesota TimberwolvesNever
84%
Washington Wizards1978
79%
Denver Nuggets2023
79%
Sacramento Kings1951
74%
Atlanta Hawks1958
74%

Score Distribution

Percentile by Number Answered

Percent of People with Each Score

Your Score History

You have not taken this quiz since the last reset